02390 2200181 4500001002100000005001500021035002000036008003900056245015200095100002900247260006100276300002400337084001800361520178200379082000802161650001902169990002002188INLIS00000000000509320250816065740 a0010-0725000379250816 | | | 1 aAnalisis Kinerja Keuangan Berdasarkan Return on Investment dengan Metode Du Pont pada Pencucian Motor 9993 di Tenggarong /cAdisty Maudina Biantari aBiantari, Adisty Maudina aTenggarong :bFEBIS-Universitas Kutai Kartanegara,c2019 a56 hlm. ;c21x30 cm a658 BIA A C.1 aADISTY MAUDINA BIANTARI "Analisis Kinerja Keuangan Berdasarkan Return On Investment Dengan Metode Du Pont Pada Pencucian Motor 9993 Di Tenggarong" di bawah bimbingan bapak M. Hermanto, SE.,MM selaku Dosen Pembimbing 1 dan bapak H. Dedy Mulyadi, SE, M.Si selaku Dosen Pembimbing II.
Tujuan dari penelitian ini adalah untuk mengukur kinerja keuangan pencucian motor 9993 dengan melihat laporan laba rugi dan neraca.
Metode Analisa Du Pont adalah sistem untuk mengontrol perubahaan dalam rasio aktivitas dan net profit margin dan seberapa besar pengaruhnya terhadap Return On Investment.
Berdasarkan hasil penelitian, maka dapat diambil suatu kesimpulan sebagai berikut: